Project Finance in Construction : (Record no. 14969)
[ view plain ]
| 000 -LEADER | |
|---|---|
| fixed length control field | 01863cam a22003378a 4500 |
| 001 - CONTROL NUMBER | |
| control field | 16151558 |
| 005 - DATE AND TIME OF LATEST TRANSACTION | |
| control field | 20101115143823.0 |
| 008 - FIXED-LENGTH DATA ELEMENTS--GENERAL INFORMATION | |
| fixed length control field | 100324s2010 iau b 001 0 eng |
| 010 ## - LIBRARY OF CONGRESS CONTROL NUMBER | |
| LC control number | 2010007731 |
| 020 ## - INTERNATIONAL STANDARD BOOK NUMBER | |
| International Standard Book Number | 1444334778 |
| 020 ## - INTERNATIONAL STANDARD BOOK NUMBER | |
| International Standard Book Number | 9781444334777 |
| 040 ## - CATALOGING SOURCE | |
| Original cataloging agency | DLC |
| Transcribing agency | DLC |
| 050 00 - LIBRARY OF CONGRESS CALL NUMBER | |
| Classification number | HC79.C3 |
| Item number | M47 2010 |
| 082 00 - DEWEY DECIMAL CLASSIFICATION NUMBER | |
| Classification number | 338.9 |
| Edition number | 22 |
| Item number | MER |
| 100 1# - MAIN ENTRY--PERSONAL NAME | |
| Personal name | Merna, Anthony. |
| 9 (RLIN) | 22365 |
| 245 10 - TITLE STATEMENT | |
| Title | Project Finance in Construction : |
| Remainder of title | A Structured Guide to Assessment / |
| Statement of responsibility, etc | Anthony Merna, Yang Chu, Faisal Al-Thani. |
| 260 ## - PUBLICATION, DISTRIBUTION, ETC. (IMPRINT) | |
| Place of publication, distribution, etc | Ames, Iowa : |
| Name of publisher, distributor, etc | Blackwell Pub., 2010 |
| Date of publication, distribution, etc | 2010. |
| 300 ## - PHYSICAL DESCRIPTION | |
| Extent | 174 p. : |
| Other physical details | ill. ; |
| Dimensions | 25 cm. |
| 504 ## - BIBLIOGRAPHY, ETC. NOTE | |
| Bibliography, etc | Includes bibliographical references p. 161-165 and index. |
| 505 0# - FORMATTED CONTENTS NOTE | |
| Formatted contents note | Introduction -- Project finance -- Financial instruments and cash flow modelling -- Risk management -- The financial assessment process -- Case study -- Developing the base case model -- Initial economic assessment by lenders -- Financial engineering -- Final assessment to determine projects commercial viability -- Financial close -- Islamic finance and project finance -- Conclusions and recommendations. |
| 650 #0 - SUBJECT ADDED ENTRY--TOPICAL TERM | |
| Topical term or geographic name as entry element | Infrastructure (Economics) |
| General subdivision | Finance. |
| 9 (RLIN) | 22366 |
| 650 #0 - SUBJECT ADDED ENTRY--TOPICAL TERM | |
| Topical term or geographic name as entry element | Industrial development projects. |
| 9 (RLIN) | 22367 |
| 650 #0 - SUBJECT ADDED ENTRY--TOPICAL TERM | |
| Topical term or geographic name as entry element | Risk management. |
| 9 (RLIN) | 22368 |
| 650 #0 - SUBJECT ADDED ENTRY--TOPICAL TERM | |
| Topical term or geographic name as entry element | Public-private sector cooperation. |
| 9 (RLIN) | 22369 |
| 700 1# - ADDED ENTRY--PERSONAL NAME | |
| Personal name | Zhu, Yang. |
| 9 (RLIN) | 22370 |
| 700 1# - ADDED ENTRY--PERSONAL NAME | |
| Personal name | Al-Thani, Faisal F. |
| 9 (RLIN) | 22371 |
| 942 ## - ADDED ENTRY ELEMENTS (KOHA) | |
| Source of classification or shelving scheme | Dewey Decimal Classification |
| Item type | Book - Borrowing |
| Withdrawn status | Item status | Source of classification or shelving scheme | Damaged status | Not for loan | Vendor | Home library | Current library | Shelving location | Date acquired | Source of acquisition | Cost, normal purchase price | Serial Enumeration / chronology | Total Checkouts | Total Renewals | Full call number | Barcode | Date last seen | Date last borrowed | Koha item type |
|---|---|---|---|---|---|---|---|---|---|---|---|---|---|---|---|---|---|---|---|
| Dewey Decimal Classification | Academic Bookshop | Central Library | Central Library | First floor | 03/03/2011 | 463.00 | 1661 | 1 | 1 | 338.9 MER | 000022816 | 15/07/2025 | 09/03/2011 | Book - Borrowing | |||||
| Dewey Decimal Classification | Academic Bookshop | Central Library | Central Library | First floor | 18/04/2011 | 463.00 | 2066 | 1 | 3 | 338.9 MER | 000023216 | 15/07/2025 | 12/10/2011 | Book - Borrowing |